00598nam a22001937a 450000500170000001000350001702000260005203500140007803500170009203700150010903700130012408200100013710000170014724500470016426000390021127000780025030000260032850000500035420230724150102.0 a1718EN-30 ENG-121708  a9789351507314c395.00 aEN-105240 aB-682745-759 bAakar/Ven. bDBAD/PUB a646.7 aWadkar, Alka aLife skills for success/ cby Alka Wadkar  aNew DelhibSAGE Publicationsc2016 aB1/I-1 Mohan Cooperative Industrial Area, Mathura RoadbNew Delhie110044 axvi,406p.:c24cm(pbk) aIncludes bibliographical references and index